000 01505cam a2200325 i 4500
999 _c5438
_d5438
001 17832003
003 GBCCL
005 20241126110541.0
008 130731s2014 iluab e 001 0 eng
010 _a 2013023368
020 _a9780716601142
040 _aDLC
_beng
_cDLC
_erda
042 _apcc
050 0 0 _aAE5
_b.W55 2014
082 0 0 _a030
_223
_bWOR
245 0 4 _aThe World Book Encyclopedia.
264 1 _aChicago, IL :
_bWorld Book, Inc.,
_c2014.
300 _a22 volumes :
_bcolor illustrations, color maps ;
_c26 cm
336 _atext
_2rdacontent
337 _aunmediated
_2rdamedia
338 _avolume
_2rdacarrier
500 _aIncludes index.
505 0 _av. 1. A -- v. 2. B -- v. 3. C-Ch -- v. 4. Ci-Cz -- v. 5. D -- v. 6. E -- v. 7. F -- v. 8. G -- v. 9. H -- v. 10. I -- v. 11. J, K -- v. 12. L -- v. 13. M -- v. 14. N, O -- v. 15. P -- v. 16. Q, R -- v. 17. S-Sn -- v. 18. So-Sz -- v. 19. T -- v. 20. U, V -- v. 21. W, X, Y, Z -- v. 22. Research Guide, Index.
520 _a"A 22-volume, highly illustrated, A-Z general encyclopedia for all ages, featuring sections on how to use World Book, other research aids, pronunciation key, a student guide to better writing, speaking, and research skills, and comprehensive index"--
_cProvided by publisher.
650 0 _aEncyclopedias and dictionaries.
_99428
710 2 _aWorld Book, Inc.
_99775
906 _a7
_bcbc
_corignew
_d1
_eecip
_f20
_gy-gencatlg
942 _2ddc
_cREF